| 000 | 00000cam 2200000zi 4500 |
| 001 | 9.962689 |
| 003 | CaOODSP |
| 005 | 20260508145408 |
| 006 | m o d f |
| 007 | cr cn||||||||| |
| 008 | 260508e202604##onc ob f000 0 fre d |
| 040 | |aCaOODSP|bfre|erda|cCaOODSP |
| 043 | |an-cn--- |
| 086 | 1 |aXC12-1/1-451-3F-PDF |
| 110 | 1 |aCanada. |bParlement. |bChambre des communes. |bComité permanent de l'agriculture et de l'agroalimentaire, |eauteur, |eorganisme de publication. |
| 245 | 14|aLes défis structurels dans les chaînes d'approvisionnement canadiennes du bœuf et du porc : |bpour une meilleure souveraineté alimentaire : rapport du Comité permanent de l'agriculture et de l'agroalimentaire / |cle président, Michael Coteau. |
| 246 | 13|aDéfis structurels dans les chaînes d'approvisionnement canadiennes du bœuf et du porc : |bpour une meilleure souveraineté alimentaire |
| 264 | 1|a[Ottawa] : |bChambre des communes, Canada = House of Commons, Canada, |cavril 2026. |
| 300 | |a1 ressource en ligne (vii, 21 pages). |
| 336 | |atexte|btxt|2rdacontent/fre |
| 337 | |ainformatique|bc|2rdamedia/fre |
| 338 | |aressource en ligne|bcr|2rdacarrier/fre |
| 490 | 1 |aRapport du Comité permanent de l'agriculture et de l'agroalimentaire ; |v3e rapport, 45e législature, 1re session |
| 500 | |aPublié aussi en anglais sous le titre : Structural challenges in Canada's beef and pork supply chains: toward greater food sovereignty: report of the Standing Committee on Agriculture and Agri-Food. |
| 500 | |aDate originale de publication : 2026/04/29. Republié : 2026/05/07. |
| 500 | |a« 45e législature, 1re session. » |
| 500 | |a« Troisième rapport » -- Page v. |
| 504 | |aComprend des références bibliographiques. |
| 520 | |a« Le Comité permanent de l'agriculture et de l'agroalimentaire a présenté aujourd'hui à la Chambre des communes un rapport intitulé « Défis structurels dans les chaînes d'approvisionnement du bœuf et du porc au Canada : vers une plus grande souveraineté alimentaire ». Reposant sur les témoignages de 14 témoins, dont des producteurs et des transformateurs de bœuf et de porc et des représentants de l'industrie, le rapport décrit les problèmes persistants auxquels ces secteurs font face et formule à l'intention du gouvernement sept recommandations pour s'y attaquer. Le Comité recommande, entre autres, des rapports obligatoires sur les prix du porc et du bœuf afin de donner aux producteurs des données plus transparentes sur la façon dont les acheteurs canadiens fixent les prix, la mise à jour de la réglementation sur le matériel à risque spécifié de manière à tenir compte du risque réduit d’encéphalopathie spongiforme bovine du pays ainsi qu'un soutien accru pour les petites et moyennes installations d'abattage. Le Comité estime que ces changements permettront d'améliorer la résilience des chaînes d'approvisionnement du bœuf et du porc ainsi que la durabilité à long terme de l'industrie canadienne de la viande, qui est essentielle pour la sécurité alimentaire du pays » -- Fourni par l'éditeur. |
| 650 | 6|aBœuf (Viande)|xIndustrie|xPolitique gouvernementale|zCanada. |
| 650 | 6|aPorc (Viande)|xIndustrie|xPolitique gouvernementale|zCanada. |
| 650 | 6|aBovins de boucherie|xPrix|zCanada. |
| 650 | 6|aPorcs|xPrix|zCanada. |
| 650 | 6|aAbattoirs|xCapacité de production|zCanada. |
| 650 | 6|aConserveries de viande|xCapacité de production|zCanada. |
| 700 | 1 |aCoteau, Michael, |d1972- |
| 775 | 08|tStructural challenges in Canada's beef and pork supply chains : |w(CaOODSP)9.962687 |
| 830 | #0|aRapport du Comité permanent de l'agriculture et de l'agroalimentaire ;|v3e rapport, 45e législature, 1re session.|w(CaOODSP)9.503424 |
| 856 | 40|qPDF|s3.36 Mo|uhttps://publications.gc.ca/collections/collection_2026/parl/xc12-1/XC12-1-1-451-3-fra.pdf |
| 856 | 4 |qHTML|sS.O.|uhttps://www.noscommunes.ca/documentviewer/fr/45-1/AGRI/rapport-3 |